| 000 | 00927cam a22003137a 4500 | ||
|---|---|---|---|
| 003 | CHAP | ||
| 005 | 20220329142417.0 | ||
| 008 | 001207d1999 nyuao r 00110 ing d | ||
| 010 | _a83096 | ||
| 011 | _a84068 | ||
| 020 | _a0865475458 | ||
| 035 | _a94587 | ||
| 040 | _cCHAP | ||
| 082 | 0 | 4 |
_a633.15 _bF8 |
| 100 | 0 | 0 |
_aFussell, Betty Harper. _944108 |
| 245 | 1 | 4 |
_aThe story of corn _c/by Betty Fussell |
| 260 |
_aNew York, N.Y. : _bNorth Point Press, _c1999. |
||
| 300 |
_a356p. : _bilus.; fots. |
||
| 590 |
_aBATCH-UPD _b10 _c20130110 _lUCH01 _h1115 |
||
| 590 |
_aBATCH-UPD _b10 _c20130410 _lUCH01 _h0706 |
||
| 590 |
_aBATCH-UPD _b10 _c20130914 _lUCH01 _h1755 |
||
| 590 |
_aCONVERSION _b10 _c20130109 _lUCH01 _h1346 |
||
| 650 | 1 | 4 |
_aMaĆz _xHistoria. _970972 |
| 650 | 1 | 4 |
_aMitos. _976250 |
| 901 | _aBK | ||
| 905 | _aEdna Luz | ||
| 942 | _cLIBRO | ||
| 949 |
_a633.15 F8 _bBC _cLIBRO _d33724000808291 _eLIBRO _h99228 _i94587 _si _t$199.00 |
||
| 999 |
_c83096 _d83096 |
||